Normal view
MARC view
- Whitehead , John W
Entry Personal Name
001 - CONTROL NUMBER
- control field: 133902
003 - CONTROL NUMBER IDENTIFIER
- control field: NUST
005 - DATE AND TIME OF LATEST TRANSACTION
- control field: 20260407104126.0
008 - FIXED-LENGTH DATA ELEMENTS
- fixed length control field: 260407|| aca||aabn | a|a d
040 ## - CATALOGING SOURCE
- Original cataloging agency: NUST
- Transcribing agency: NUST
100 ## - HEADING--PERSONAL NAME
- Personal name: Whitehead , John W
670 ## - SOURCE DATA FOUND
- Source citation: Work cat.: (NUST): Whitehead , John W. , Slaying Dragons: The Truth Behind the Man Who Defended Paula Jones /, 1999.
